| Tag |
First Indicator |
Second Indicator |
Subfields |
| LEADER |
00000cam a2200000Ia 4500 |
| 001 |
in00001521233 |
| 005 |
20151021165753.0 |
| 008 |
000211s1899 xx ac 000 0 eng d |
| 035 |
|
|
|a (OCoLC)06932675
|
| 040 |
|
|
|a MHR
|c MHR
|d TXA
|d UtOrBLW
|
| 049 |
|
|
|a TXAM
|
| 090 |
|
|
|a E726.N5
|b R45 1899
|
| 245 |
0 |
0 |
|a Reminiscences :
|b the 1st Regiment, New York Volunteers in the war with Spain.
|
| 264 |
|
1 |
|a [Place of publication not identified] :
|b [publisher not identified],
|c [1899?]
|
| 264 |
|
3 |
|a Albany, N.Y. :
|b Empire Engraving
|
| 300 |
|
|
|a 8 unnumbered pages, 15 unnumbered leaves :
|b illustrations, portraits ;
|c 18 x 23 cm.
|
| 336 |
|
|
|a text
|b txt
|2 rdacontent
|
| 337 |
|
|
|a unmediated
|b n
|2 rdamedia
|
| 338 |
|
|
|a volume
|b nc
|2 rdacarrier
|
| 650 |
|
0 |
|a Spanish-American War, 1898
|x Regimental histories.
|
| 650 |
|
0 |
|a Spanish-American War, 1898
|z New York (State)
|
| 994 |
|
|
|a E0
|b TXA
|
| 948 |
|
|
|a cataloged
|b h
|c 2000/2/11
|d c
|e mkz
|f 3:29:08 pm
|
| 999 |
|
|
|a MARS
|
| 999 |
f |
f |
|s 0b511b27-588a-3bc5-bb8b-8909584ac17a
|i 665851de-f9c0-3a97-9337-ee8fb142a54e
|t 0
|
| 952 |
f |
f |
|p noncirc
|a Texas A&M University
|b College Station
|c Cushing Memorial Library & Archives
|d Cushing: Ragan Military (Does not check out)
|t 0
|e E726.N5 R45 1899
|h Library of Congress classification
|i unmediated -- volume
|
| 998 |
f |
f |
|a E726.N5 R45 1899
|t 0
|l Cushing: Ragan Military (Does not check out)
|